000 02223nam0a2200385 4500
001 RU\NLR\bibl\517958
005 20260405153035.0
010 _a5-09-013446-4
_930000
021 _aRU
_b2004-128
_97
035 _a(NLR Aleph) 000510377
090 _a1229426
_c1229426
100 _a20040507d2004 |||y0rusy50 ca
101 0 _arus
102 _aRU
105 _aa |||||||||
200 1 _aТвоя мастерская
_eРабочая тетр. по изобраз. искусству к учеб. "Искусство и ты" для 2 кл. нач. шк.
_f[Н.А. Горяева, Л.А. Неменская, А.С. Питерских и др.]
_gПод ред. Б.М. Неменского
205 _a5-е изд.
210 _aМ.
_cПросвещение
_d2004
215 _a47, [1] c.
_cцв. ил.
_d29
225 1 _aТетрадь по изобразительному искусству
604 _1700#1$aКоротеева$bЕ. И.$gЕлена Ивановна$4070
_150010$aИскусство и ты: Учеб. для 2 кл. четырехлет. нач. шк.$2psbo
_aКоротеева, Елена Ивановна
_tИскусство и ты: Учеб. для 2 кл. четырехлет. нач. шк.
606 0 _aИзобразительное искусство
_jРуководства, пособия и т.п. для средней школы
_92077705
_3RU\NLR\auth\661253401
606 0 _aИзобразительное искусство
_jРабочие тетради для начальной школы
_92077705
_3RU\NLR\auth\661253401
686 _aЩ100.80я72
701 1 _4070
_aГоряева
_bН. А.
_cканд. пед. наук
_gНина Алексеевна
_9195780
_3RU\NLR\AUTH\770195831
701 1 _aНеменская
_bЛ. А.
_f1955-
_gЛариса Александровна
_4070
701 1 _aПитерских
_bА. С.
_gАлексей Сергеевич
_4070
702 1 _4340
_8rus
_7ca
_aНеменский
_bБ. М.
_f1922 -
_gБорис Михайлович
_3RU\NLR\auth\7764079
_947008
801 0 _aRU
_bNLR
_c20040507
_gPSBO
801 1 _aRU
_bNLR
_c20040507
830 _aАвт. по кн.
942 _cBOOK
980 _aNB